Grabados japoneses
I tiakina i:
| Kaituhi matua: | |
|---|---|
| Hōputu: | Pukapuka |
| Reo: | Pāniora |
| I whakaputaina: |
Múnich
Taschen
2007
|
| Ngā marau: | |
| Ngā Tūtohu: |
Tāpirihia he Tūtohu
Kāore He Tūtohu, Me noho koe te mea tuatahi ki te tūtohu i tēnei pūkete!
|
MARC
| LEADER | 00000nam a2200000 a 4500 | ||
|---|---|---|---|
| 001 | UCG4610 | ||
| 003 | CL-VaPUC | ||
| 008 | 101111e20070000GW |||||||||||||||||spa|d | ||
| 020 | |a 9783822834800 | ||
| 082 | 0 | 4 | |a 769.952 |b FAH |2 21 |
| 100 | 0 | |a Fahr-Becker, Gabriele |e author |9 553997 | |
| 245 | 1 | 0 | |a Grabados japoneses |
| 300 | |a 200 p | ||
| 942 | |c BK | ||
| 945 | |d 20101111 00:00:00 |a mfarfan | ||
| 260 | |a Múnich |b Taschen |c 2007 | ||
| 650 | 0 | |a Grabados |9 310822 | |
| 650 | 0 | |a Historia del arte |9 314877 | |
| 651 | 0 | |a Japón |9 260391 | |
| 583 | |a last modification |c 20101111 00:00:00 |k Rodrigo Vera | ||
| 999 | |c 343297 |d 343295 | ||
| 952 | |0 0 |1 0 |4 0 |6 769_952000000000000_FAH_2007 |7 0 |8 A |9 440518 |a BIBARQ |b BIBARQ |d 2019-11-22 |i 4733827 |l 9 |m 2 |o 769.952 FAH 2007 |p 4733827 |r 2025-05-02 |s 2025-04-25 |w 2019-11-22 |y BK |k ARQ | ||